DESH KE POHSHAN : SAHITYA ABONG KALA (Record no. 19310)
[ view plain ]
| 000 -LEADER | |
|---|---|
| fixed length control field | 00427cam a2200181ua 4500 |
| 008 - FIXED-LENGTH DATA ELEMENTS--GENERAL INFORMATION | |
| fixed length control field | 130712n II |||gr||||Z||||||hin |
| 040 ## - CATALOGING SOURCE | |
| Original cataloging agency | MAIN |
| 041 ## - LANGUAGE CODE | |
| -- | English |
| 082 ## - DEWEY DECIMAL CLASSIFICATION NUMBER | |
| Classification number | 891.43 SAS |
| 100 ## - MAIN ENTRY--PERSONAL NAME | |
| Personal name | SASTRI, MADHUR. |
| 245 ## - TITLE STATEMENT | |
| Title | DESH KE POHSHAN : SAHITYA ABONG KALA |
| 250 ## - EDITION STATEMENT | |
| Edition statement | 1ST. |
| 260 ## - PUBLICATION, DISTRIBUTION, ETC. | |
| Place of publication, distribution, etc. | DELHI: |
| Name of publisher, distributor, etc. | APURAM PRAKASHAN., |
| Date of publication, distribution, etc. | 2010. |
| 300 ## - PHYSICAL DESCRIPTION | |
| Extent | 168: |
| Dimensions | 20CM. |
| 942 ## - ADDED ENTRY ELEMENTS (KOHA) | |
| Koha item type | Books |
| 653 ## - INDEX TERM--UNCONTROLLED | |
| Uncontrolled term | Hindi Books |
| Withdrawn status | Lost status | Damaged status | Not for loan | Collection code | Home library | Current library | Shelving location | Date acquired | Full call number | Barcode | Date last seen | Copy number | Price effective from | Koha item type |
|---|---|---|---|---|---|---|---|---|---|---|---|---|---|---|
| TBASM | Central Library and Information Centre Sibsagar Girls College | Central Library and Information Centre Sibsagar Girls College | Hindi Books | 11.06.2013 | 891.43 SAS | 29266 | 27.02.2020 | 1 | 27.02.2020 | Books |